| 000 | 00871nam a2200217 a 4500 | ||
|---|---|---|---|
| 001 | BRCA_9086 | ||
| 005 | 20190320210522.0 | ||
| 008 | 110917s1763----sp-#######---#000-0#lat-# | ||
| 041 | _alat | ||
| 084 |
_aCO16 _b.C85 1763 |
||
| 100 | 1 |
_aCujas, Jacques _d1522 - 1590 _922455 |
|
| 245 | 1 | 0 |
_aPromptuarium universorum operum Jacobi Cujacii _bvariantibus inter se lectionibus praesertim titulorum, & legum florentinae, vulgataeque editionis Pandectarum sive Digestorum accommodatum _ccura, et industria Dominici Albanensis. |
| 260 |
_aNeapoli _bEx typographia simoniana _c1763 |
||
| 300 |
_a738 p. _c38.3 x 26.3 cm |
||
| 500 | _aSuperiorum Facultate | ||
| 500 | _aEstado físico: presenta encuadernación en pergamino con cantos decorados | ||
| 650 | 1 | 4 |
_aDerecho romano _vIndices _922430 |
| 700 | 1 |
_aAlbanese, Domenico _ecompilador _922456 |
|
| 902 | _aCFM | ||
| 942 |
_2lcc _cB |
||
| 999 |
_c8736 _d8736 |
||